|
|
|
|
| LEADER |
00000naa2a2200000 4500 |
| 001 |
140966 |
| 005 |
20250205063151.0 |
| 035 |
|
|
|a (RuTPU)RU\TPU\book\152742
|
| 090 |
|
|
|a 140966
|
| 100 |
|
|
|a 20080717d2005 k y0rusy50 ca
|
| 101 |
0 |
|
|a eng
|
| 102 |
|
|
|a RU
|
| 200 |
1 |
|
|a Advantages and disadvantages of nature sorbent in water preparation
|f A. Yu. Godymchuk (Godimchuk), I. V. Tumanova
|
| 320 |
|
|
|a Библиогр.: 7 назв.
|
| 461 |
|
0 |
|0 (RuTPU)RU\TPU\book\107328
|t Энергия молодых - экономике России
|o труды VI Всероссийской научно-практической конференции студентов и молодых ученых, Томск, 19-22 апреля 2005 г.
|o в 2 ч.
|f Томский политехнический университет; Вольное экономическое общество России
|d 2005-
|
| 463 |
|
0 |
|0 (RuTPU)RU\TPU\book\73344
|t Ч. 1
|v С. 438-439
|d 2005
|
| 610 |
1 |
|
|a вода
|
| 610 |
1 |
|
|a подготовка
|
| 610 |
1 |
|
|a очистка
|
| 610 |
1 |
|
|a сорбенты
|
| 610 |
1 |
|
|a труды учёных ТПУ
|
| 700 |
|
1 |
|a Godymchuk (Godimchuk)
|b A. Yu.
|c specialist in the field of nanotechnologies and nanomaterials
|c Associate Professor of Tomsk Polytechnic University, candidate of technical science
|f 1978-
|g Anna Yuryevna
|x TPU
|y Tomsk
|3 (RuTPU)RU\TPU\pers\29602
|9 14137
|
| 701 |
|
1 |
|a Tumanova
|b I. V.
|
| 801 |
|
1 |
|a RU
|b 63413507
|c 20080717
|g PSBO
|
| 801 |
|
2 |
|a RU
|b 63413507
|c 20161003
|g RCR
|
| 942 |
|
|
|c BK
|